[Event "American Continental (Women) 16th"]
[Site "Oaxtepec"]
[Date "2025.05.06"]
[Round "9"]
[White "Manzano Vera, Ana Sofia"]
[Black "Bravo Alvarez, Layla Constanza"]
[Result "1/2-1/2"]
[WhiteElo "1546"]
[BlackElo "1472"]
[PlyCount "64"]
[EventDate "2025.05.01"]
[EventType "swiss"]
[EventRounds "9"]
[EventCountry "MEX"]
[SourceTitle "CB19_2025"]
[SourceDate "2025.05.07"]
[SourceVersion "1"]
[SourceVersionDate "2025.05.07"]
[SourceQuality "1"]

1. d4 d5 2. c4 e6 3. Nc3 h6 4. Nf3 Nf6 5. a3 Be7 6. Bf4 Bd6 7. Qd2 c6 8. c5 Bxf4 9. Qxf4 Nbd7 10. e3 0-0 11. Bd3 Re8 12. 0-0 b6 13. b4 Bb7 14. e4 dxe4 15. Nxe4 Nxe4 16. Bxe4 Nf6 17. Rad1 Nxe4 18. Qxe4 Qd5 19. Qxd5 exd5 20. Rfe1 Kf8 21. h3 Rxe1+ 22. Rxe1 Re8 23. Ne5 Re7 24. Kf1 Ba6+ 25. Kg1 Kg8 26. Re3 Bb7 27. Kf1 f6 28. Nd3 Rxe3 29. fxe3 Ba6 30. Ke2 Kf7 31. Kd2 Ke6 32. g4 g5 1/2-1/2

[Event "American Continental (Women) 16th"]
[Site "Oaxtepec"]
[Date "2025.05.03"]
[Round "5"]
[White "Gonzalez Peiro, Naira"]
[Black "Bravo Alvarez, Layla Constanza"]
[Result "1-0"]
[WhiteElo "1563"]
[BlackElo "1472"]
[PlyCount "169"]
[EventDate "2025.05.01"]
[EventType "swiss"]
[EventRounds "9"]
[EventCountry "MEX"]
[SourceTitle "CB19_2025"]
[SourceDate "2025.05.07"]
[SourceVersion "1"]
[SourceVersionDate "2025.05.07"]
[SourceQuality "1"]

1. e4 e5 2. Nf3 Nc6 3. d4 exd4 4. Bc4 Bb4+ 5. c3 dxc3 6. bxc3 Ba5 7. 0-0 Nf6 8. Bg5 h6 9. Bh4 g5 10. Bg3 d6 11. Qb3 0-0 12. Re1 Nh5 13. Nbd2 Nxg3 14. hxg3 Qf6 15. Rac1 Bb6 16. Re2 Bg4 17. Ree1 Na5 18. Qd1 a6 19. Qe2 Nc6 20. Qf1 Rad8 21. Nh2 Be6 22. Bb3 Ne5 23. Kh1 d5 24. exd5 Bxd5 25. Bxd5 Rxd5 26. Ne4 Qf5 27. g4 Qg6 28. Ng3 Nd3 29. Nf5 Bc5 30. Rcd1 Nxf2+ 31. Qxf2 Bxf2 32. Ne7+ Kh7 33. Nxg6 Rxd1 34. Nxf8+ Kg7 35. Rxd1 Kxf8 36. Rd7 Bg3 37. Nf3 Ke8 38. Rd3 Bd6 39. Nd4 Ke7 40. Nf5+ Ke6 41. Nxd6 cxd6 42. Kg1 Ke5 43. Rd4 Ke6 44. Kf2 Ke5 45. Ke3 Ke6 46. Ke4 f6 47. g3 Ke7 48. Rb4 b5 49. Kf5 Kf7 50. Rd4 Ke7 51. Kg6 Ke6 52. Kxh6 Ke5 53. Kg6 Ke6 54. Kg7 Ke5 55. Kf7 a5 56. Ke7 d5 57. Kd7 a4 58. Rb4 f5 59. gxf5 Kxf5 60. Rxb5 Ke5 61. c4 Ke4 62. Rxd5 g4 63. c5 Kxd5 64. c6 Ke4 65. c7 Kf3 66. c8Q Kxg3 67. Qc3+ Kf2 68. Qd2+ Kg3 69. Qe1+ Kf4 70. Qg1 Kf3 71. Kc6 a3 72. Kb5 Kf4 73. Kb4 Kf3 74. Kxa3 g3 75. Kb3 g2 76. a4 Kg3 77. a5 Kf3 78. a6 Kg3 79. a7 Kf3 80. a8Q+ Kf4 81. Qaxg2 Kf5 82. Qe1 Kf6 83. Qgf2+ Kg6 84. Qeg1+ Kh6 85. Qfh2# 1-0

[Event "American Continental (Women) 16th"]
[Site "Oaxtepec"]
[Date "2025.05.02"]
[Round "3"]
[White "Bravo Alvarez, Layla Constanza"]
[Black "Dotor Martinez, Zoe"]
[Result "0-1"]
[WhiteElo "1472"]
[BlackElo "1572"]
[PlyCount "81"]
[EventDate "2025.05.01"]
[EventType "swiss"]
[EventRounds "9"]
[EventCountry "MEX"]
[SourceTitle "CB19_2025"]
[SourceDate "2025.05.07"]
[SourceVersion "1"]
[SourceVersionDate "2025.05.07"]
[SourceQuality "1"]

1. e4 e5 2. Nf3 Nc6 3. Bc4 Nf6 4. d3 Be7 5. 0-0 d6 6. a4 0-0 7. Re1 Bg4 8. h3 Be6 9. Nbd2 Na5 10. Bxe6 fxe6 11. c3 Qe8 12. b4 Nc6 13. Qb3 Nd8 14. Ng5 Qd7 15. Ngf3 Nf7 16. d4 exd4 17. Nxd4 e5 18. Nf5 Kh8 19. Nxe7 Qxe7 20. Nf3 Nh5 21. Ng5 Nxg5 22. Bxg5 Qxg5 23. Qd1 Nf4 24. Qg4 Qxg4 25. hxg4 Rf6 26. g3 Nd3 27. Re2 Raf8 28. Rf1 c5 29. b5 Rg6 30. f3 c4 31. Rd2 Rgf6 32. Rc2 Rxf3 33. Rxf3 Rxf3 34. Rg2 Re3 35. Kh2 Rxe4 36. Kh3 Ne1 37. Rf2 g5 38. Rf8+ Kg7 39. Rf5 h6 40. Rf2 Nd3 41. Rd2 0-1

[Event "American Continental (Women) 16th"]
[Site "Oaxtepec"]
[Date "2025.05.01"]
[Round "2"]
[White "Chen, Megan"]
[Black "Bravo Alvarez, Layla Constanza"]
[Result "1-0"]
[WhiteElo "1702"]
[BlackElo "1472"]
[PlyCount "57"]
[EventDate "2025.05.01"]
[EventType "swiss"]
[EventRounds "9"]
[EventCountry "MEX"]
[SourceTitle "CB19_2025"]
[SourceDate "2025.05.07"]
[SourceVersion "1"]
[SourceVersionDate "2025.05.07"]
[SourceQuality "1"]

1. e4 e5 2. Nf3 Nc6 3. Bc4 Bc5 4. b4 Bxb4 5. c3 Be7 6. d4 Na5 7. Bd3 d6 8. dxe5 dxe5 9. Nxe5 Nf6 10. 0-0 0-0 11. Qc2 c6 12. Nd2 Qc7 13. f4 Bd6 14. Ndf3 Bg4 15. Nxg4 Nxg4 16. e5 Bc5+ 17. Kh1 g6 18. Nd4 Rad8 19. h3 Nh6 20. f5 Bxd4 21. Bxh6 Rfe8 22. cxd4 Rxd4 23. fxg6 hxg6 24. Bxg6 fxg6 25. Qxg6+ Kh8 26. Qxe8+ Kh7 27. Rf7+ Qxf7 28. Qxf7+ Kh8 29. Qg7# 1-0